Statistiques concernant Les plus grandes villes de Corse.

Cliquez ici pour prendre le quiz!

Statistiques générales

  • Ce quiz a été pris 1 240 fois
    (1 114 depuis la dernière actualisation)
  • Le résultat moyen est 5 sur 12

Réponses sur la Carte

Les réponses sont colorées sur une échelle allant du rouge au vert en fonction du pourcentage des utilisateurs qui les ont devinées à leur premier essai. Vous pouvez retrouver ces pourcentages ci-dessous.
Chargement ...
 

Statistiques - réponses

PopulationVille% Correct
70 817Ajaccio
100%
48 044Bastia
97%
11 748Porto-Vecchio
75%
5 666Calvi
66%
7 468Corte
64%
5 628Furiani
31%
3 706Propriano
30%
8 739Borgo
23%
7 902Biguglia
17%
4 223Ghisonaccia
15%
5 893Lucciana
12%
4 053Bastelicaccia
10%

Distribution des résultats

Percentile par nombre de réponses

% des personnes avec chaque résultat

Votre développement - résultats

Vous n’avez pas pris ce quiz depuis la dernière actualisation